The Saar conflict, 1945-1955. With a foreword by John Goormaghtigh

Sparad:
Bibliografiska uppgifter
Huvudupphovsman: Freymond, Jacques
Materialtyp: Bok
Språk:Undetermined
Publicerad: London; New York Stevens; F.A. Praeger 1960
Ämnen:
Taggar: Lägg till en tagg
Inga taggar, Lägg till första taggen!
Thư viện lưu trữ: Trung tâm Học liệu Trường Đại học Cần Thơ
LEADER 00559nam a2200193Ia 4500
001 CTU_89276
008 210402s9999 xx 000 0 und d
082 |a 943.042 
082 |b F983 
100 |a Freymond, Jacques 
245 4 |a The Saar conflict, 1945-1955. With a foreword by John Goormaghtigh 
245 0 |c Jacques Freymond 
260 |a London; New York 
260 |b Stevens; F.A. Praeger 
260 |c 1960 
650 |a Saar Valley (Germany) 
650 |x History 
904 |i Nguyên 
980 |a Trung tâm Học liệu Trường Đại học Cần Thơ